Größte Städte der Welt nach Buchstabe - A - Extrem - Statistiken

Allgemein
  • Dieses Quiz wurde 118 mal gespielt
    77 seit der letzten Aktualisierung
  • Das Durchschnittsergebnis liegt bei 25 aus 39
Antwortstatistiken
Einwohner Land Stadt % Korrekt
6.60 Mio. Ghana Accra
100%
2.525 Mio. Niederlande Amsterdam
100%
5.15 Mio. Türkei Ankara
100%
3.575 Mio. Griechenland Athen
100%
4.725 Mio. Äthiopien Addis Abeba
98%
4.25 Mio. Algerien Algier
98%
6.00 Mio. Jordanien Amman
98%
2.90 Mio. Nigeria Abuja
93%
1.53 Mio. Kasachstan Astana
93%
2.15 Mio. Paraguay Asunción
93%
1.70 Mio. VAE Abu Dhabi
91%
6.20 Mio. Ägypten Alexandria
91%
1.37 Mio. Türkei Antalya
91%
1.05 Mio. Eritrea Asmara
91%
1.48 Mio. Neuseeland Auckland
91%
6.10 Mio. USA Atlanta
87%
1.94 Mio. Syrien Aleppo
85%
1.24 Mio. Belgien Antwerpen
85%
1.06 Mio. Turkmenistan Aşgabat
85%
6.80 Mio. Elfenbeinküste Abidjan
76%
1.42 Mio. Australien Adelaide
76%
9.60 Mio. Indien Ahmedabad
76%
2.225 Mio. USA Austin
76%
2.625 Mio. Kasachstan Almaty
74%
2.55 Mio. Indien Agra
70%
1.77 Mio. Türkei Adana
67%
2.35 Mio. China Anshan
39%
1.31 Mio. Marokko Agadir
30%
1.74 Mio. Philippinen Angeles
22%
1.56 Mio. Indien Allahabad
17%
1.25 Mio. Nigeria Aba
15%
1.91 Mio. China Anyang
11%
1.19 Mio. Peru Arequipa
11%
1.51 Mio. Iran Ahvaz
7%
1.41 Mio. Indien Alīgarh
7%
2.025 Mio. Indien Aurangabad
7%
1.23 Mio. Mexiko Aguascalientes
4%
1.50 Mio. Indien Amritsar
4%
1.72 Mio. Indien Āsansol
2%
Keine übereinstimmenden Quizze gefunden
Verteilung der Resultate
Anzahl Personen mit jedem Resultat
Perzentil nach korrekt beantworteten Fragen
Ihre Resultats-Entwicklung
Sie haben dieses Quiz seit der letzten Aktualisierung nicht gespielt